|
|
|
|
| LEADER |
01523nam a2200409Ia 4500 |
| 001 |
EBC3138373 |
| 003 |
MiAaPQ |
| 005 |
20200520144314.0 |
| 006 |
m o d | |
| 007 |
cr cn||||||||| |
| 008 |
120330s2012 nyu sb 001 0 eng d |
| 010 |
|
|
|z 2012013340
|
| 020 |
|
|
|z 9780801451058 (cloth : alk. paper)
|
| 020 |
|
|
|z 9780801465925
|
| 035 |
|
|
|a (MiAaPQ)EBC3138373
|
| 035 |
|
|
|a (Au-PeEL)EBL3138373
|
| 035 |
|
|
|a (CaPaEBR)ebr10602692
|
| 035 |
|
|
|a (CaONFJC)MIL681827
|
| 035 |
|
|
|a (OCoLC)812508293
|
| 040 |
|
|
|a MiAaPQ
|c MiAaPQ
|d MiAaPQ
|
| 050 |
|
4 |
|a HD5708.45.J3
|b M58 2012
|
| 082 |
0 |
4 |
|a 331.25/96
|2 23
|
| 100 |
1 |
|
|a Miura, Mari.
|
| 245 |
1 |
0 |
|a Welfare through work
|h [electronic resource] :
|b conservative ideas, partisan dynamics, and social protection in Japan /
|c Mari Miura.
|
| 260 |
|
|
|a Ithaca :
|b Cornell University Press,
|c 2012.
|
| 300 |
|
|
|a xvii, 206 p.
|
| 504 |
|
|
|a Includes bibliographical references and index.
|
| 533 |
|
|
|a Electronic reproduction. Ann Arbor, MI : ProQuest, 2015. Available via World Wide Web. Access may be limited to ProQuest affiliated libraries.
|
| 650 |
|
0 |
|a Job security
|x Political aspects
|z Japan.
|
| 650 |
|
0 |
|a Public welfare
|z Japan.
|
| 650 |
|
0 |
|a Economic assistance, Domestic
|z Japan.
|
| 650 |
|
0 |
|a Labor policy
|z Japan.
|
| 650 |
|
0 |
|a Conservatism
|z Japan.
|
| 651 |
|
0 |
|a Japan
|x Social policy.
|
| 655 |
|
4 |
|a Electronic books.
|
| 710 |
2 |
|
|a ProQuest (Firm)
|
| 856 |
4 |
0 |
|u https://ebookcentral.proquest.com/lib/matrademy/detail.action?docID=3138373
|z Click to View
|